书目信息 |
| 题名: |
数字信号处理
|
|
| 作者: | 刘晓阳 , 付晨 , 李亚楠 主编 | |
| 分册: | ||
| 出版信息: | 济南 山东科学技术出版社 2007.09 |
|
| 页数: | 136页 | |
| 开本: | 26cm | |
| 丛书名: | ||
| 单 册: | ||
| 中图分类: | TN911.72 | |
| 科图分类: | ||
| 主题词: | 数字信号--shu zi xin hao--信号处理--高等学校--教材 | |
| 电子资源: | ||
| ISBN: | 978-7-5331-4710-5 | |
| 000 | 01176nam0 2200277 450 | |
| 001 | 012008611176 | |
| 005 | 20080601170744.21 | |
| 010 | @a978-7-5331-4710-5@dCNY15.00 | |
| 100 | @a20080601d2007 em y0chiy0120 ea | |
| 101 | 0 | @achi |
| 102 | @aCN@b370000 | |
| 105 | @aa a 000yy | |
| 106 | @ar | |
| 200 | 1 | @a数字信号处理@Ashu zi xin hao chu li@f刘晓阳, 付晨, 李亚楠主编@Fliu xiao yang,fu chen,li ya nan zhu bian |
| 210 | @a济南@c山东科学技术出版社@d2007.09 | |
| 215 | @a136页@c图@d26cm | |
| 300 | @a全国高职高专一体化教学信息与通信专业通用教材 | |
| 320 | @a有书目 (第136页) | |
| 330 | @a本书介绍了本课程的背景知识、基本概念以及信号与系统的基本原理、性质和运算、数字信号处理的基本数学工具:序列的傅立叶变换、Z变换、离散傅立叶变换、离散傅立叶变换的快速算法:FFT的基本原理以及基-2FFT的基本算法、滤波器的基本知识和典型的模拟滤波器的设计、时域离散信号的基本网络结构、数字滤波器的设计等。 | |
| 606 | 0 | @a数字信号@Ashu zi xin hao@x信号处理@x高等学校@j教材 |
| 690 | @aTN911.72@v4 | |
| 701 | 0 | @a刘晓阳@Aliu xiao yang@4主编 |
| 701 | 0 | @a付晨@Afu chen@4主编 |
| 701 | 0 | @a李亚楠@Ali ya nan@4主编 |
| 801 | 0 | @aCN@bQSSK@c20080601 |
| 905 | @b720754-55@dTN911.72@eL698@f2 | |
| 数字信号处理/刘晓阳, 付晨, 李亚楠主编.-济南:山东科学技术出版社,2007.09 |
| 136页:图;26cm |
| 全国高职高专一体化教学信息与通信专业通用教材 |
| ISBN 978-7-5331-4710-5:CNY15.00 |
| 本书介绍了本课程的背景知识、基本概念以及信号与系统的基本原理、性质和运算、数字信号处理的基本数学工具:序列的傅立叶变换、Z变换、离散傅立叶变换、离散傅立叶变换的快速算法:FFT的基本原理以及基-2FFT的基本算法、滤波器的基本知识和典型的模拟滤波器的设计、时域离散信号的基本网络结构、数字滤波器的设计等。 |
| ● |
| 相关链接 |
|
|
|
正题名:数字信号处理
索取号:TN911.72/L698
 
预约/预借
| 序号 | 登录号 | 条形码 | 馆藏地/架位号 | 状态 | 备注 |
| 1 | 720754 | 207207547 | 自科库301/301自科库 35排4列1层/ [索取号:TN911.72/L698] | 在馆 | |
| 2 | 720755 | 207207556 | 自科库301/301自科库 35排4列1层/ [索取号:TN911.72/L698] | 在馆 |